| 000 | 00494cam a2200205ua 4500 | ||
|---|---|---|---|
| 001 | 11797 | ||
| 005 | 20260515114812.0 | ||
| 008 | 191107n ii |||gr||||Z||||||eng | ||
| 020 | _a9788178807676 | ||
| 040 | _cMAIN | ||
| 041 | _aeng | ||
| 082 | _a305.4 | ||
| 100 |
_aRamkishna Saini, _eAuthor. |
||
| 245 |
_aSociology of gender _cBy Ramkishna Saini |
||
| 250 | _a1st ed. | ||
| 260 |
_aNew Delhi: _bRajat publications, _c2018. |
||
| 300 | _a270p. | ||
| 653 | _aSocial groups | ||
| 942 | _cBK | ||
| 999 |
_c10580 _d10580 |
||